|
|
|
|
| LEADER |
01739nam a2200505 a 4500 |
| 001 |
nkc20122416208 |
| 003 |
CZ PrNK |
| 005 |
20131217062942.0 |
| 007 |
ta |
| 008 |
121109s2012 xr a j f 000 0 cze |
| 015 |
|
|
|a cnb002416208
|
| 020 |
|
|
|a 978-80-905293-4-2
|q (brož.)
|
| 035 |
|
|
|a (OCoLC)867818645
|
| 040 |
|
|
|a BOA001
|b cze
|d OLA001
|d ABA001
|
| 072 |
|
7 |
|a 37.09
|x Organizace výuky a vzdělávání
|2 Konspekt
|9 22
|
| 080 |
|
|
|a 37.091.59
|2 MRF
|
| 080 |
|
|
|a 37.064
|2 MRF
|
| 080 |
|
|
|a 37.091:005.25
|2 MRF
|
| 080 |
|
|
|a 005.56
|2 MRF
|
| 080 |
|
|
|a 37.017.4
|2 MRF
|
| 080 |
|
|
|a (059.3)
|2 MRF
|
| 245 |
0 |
0 |
|a Zápisník :
|b žákovský parlament /
|c [vytvořilo CEDU - Centrum pro demokratické učení při Gemini]
|
| 246 |
3 |
0 |
|a Žákovský parlament
|
| 250 |
|
|
|a 1. vyd.
|
| 260 |
|
|
|a V Praze :
|b Gemini,
|c 2012
|
| 300 |
|
|
|a 72 s. :
|b barev. il. ;
|c 14 x 25 cm
|
| 500 |
|
|
|a Název z obálky
|
| 650 |
0 |
7 |
|a žákovská samospráva
|7 ph128056
|2 czenas
|
| 650 |
0 |
7 |
|a klima školy
|7 ph249611
|2 czenas
|
| 650 |
0 |
7 |
|a management školy
|7 ph118550
|2 czenas
|
| 650 |
0 |
7 |
|a participativní management
|7 ph191874
|2 czenas
|
| 650 |
0 |
7 |
|a výchova k občanství
|7 ph123572
|2 czenas
|
| 650 |
0 |
9 |
|a pupil power
|2 eczenas
|
| 650 |
0 |
9 |
|a school environment
|2 eczenas
|
| 650 |
0 |
9 |
|a school management
|2 eczenas
|
| 650 |
0 |
9 |
|a participative management
|2 eczenas
|
| 650 |
0 |
9 |
|a citizenship education
|2 eczenas
|
| 655 |
|
7 |
|a zápisníky
|7 fd133889
|2 czenas
|
| 655 |
|
9 |
|a notebooks
|2 eczenas
|
| 710 |
2 |
|
|a Centrum pro demokratické učení
|7 kv2011644850
|
| 910 |
2 |
|
|a BOA001
|b 2-1300.064
|
| 990 |
|
|
|a BK
|
| 995 |
|
|
|a 01
|
| 991 |
|
|
|b 201306
|c NOV
|e n
|
| 996 |
6 |
|
|b 2610537718
|c 2-1300.064
|l MZK
|r Sklad / do 1 hodiny
|n 0
|p p.v.
|w 001311732
|u 000010
|a 1
|e BOA001
|j MZK50
|s P
|